[Event "XXIX C.to Italiano a squadre A1 Finali"]
[Site "Montecatini Terme ITA"]
[Date "1997.05.18"]
[Round "3"]
[White "D'Amore, Carlo"]
[Black "Manca, Federico"]
[Result "0-1"]
[WhiteElo "2440"]
[BlackElo "2350"]
[PlyCount "76"]
[EventDate "1997.05.17"]

1. Nf3 g6 2. g3 Bg7 3. d4 Nf6 4. Bg2 d5 5. c4 dxc4 6. Na3 c3 7. bxc3 O-O 8. O-O
c5 9. e3 Nc6 10. Qe2 Nd5 11. Bb2 Qa5 12. Nc4 Qa6 13. Rfe1 Be6 14. Ncd2 Qxe2 15.
Rxe2 Nb6 16. Nb3 cxd4 17. cxd4 Bd5 18. Nc5 Rab8 19. e4 Bc4 20. Rd2 e6 21. a4
Rfd8 22. a5 Nd7 23. Nxd7 Rxd7 24. Bh3 Rd6 25. Ra3 Rbd8 26. d5 Ne7 27. Bxg7 Kxg7
28. Rb2 exd5 29. e5 Rc6 30. Rxb7 Ba6 31. Rb1 d4 32. Bf1 Bc8 33. Rd1 Rc3 34.
Rxd4 Rxf3 35. Rxd8 Rxa3 36. Re8 Ra1 37. Kg2 Bb7+ 38. f3 Nf5 0-1

[Event "XXIX C.to Italiano a squadre A1 Finali"]
[Site "Montecatini Terme ITA"]
[Date "1997.05.18"]
[Round "3"]
[White "Efimov, Igor"]
[Black "Belotti, Bruno"]
[Result "1-0"]
[WhiteElo "2530"]
[BlackElo "2405"]
[PlyCount "115"]
[EventDate "1997.05.17"]

1. Nf3 c5 2. b3 Nf6 3. Bb2 e6 4. g3 Nc6 5. c4 d5 6. cxd5 exd5 7. Bg2 Be7 8. O-O
O-O 9. d4 Ne4 10. dxc5 Bxc5 11. Nc3 Nxc3 12. Bxc3 d4 13. Bb2 Bg4 14. Rc1 Bb6
15. Qd2 Qf6 16. Rfd1 Rad8 17. b4 Qf5 18. a4 d3 19. a5 dxe2 20. Qxe2 Bd4 21.
Bxd4 Nxd4 22. Rxd4 Bxf3 23. Qd2 Qf6 24. Rxd8 Rxd8 25. Qe3 Bxg2 26. Kxg2 Qd6 27.
Qe4 Qd7 28. Qe5 f6 29. Qc5 a6 30. Qc4+ Kf8 31. h4 h6 32. h5 Qd5+ 33. Qxd5 Rxd5
34. Rc5 Rd4 35. b5 axb5 36. Rxb5 Ra4 37. Kh3 Kg8 38. Kg2 Ra3 39. Kf1 Ra2 40.
Ke1 Kf8 41. Kf1 Kg8 42. Kg2 Ra3 43. Kh3 Ra4 44. f4 Ra2 45. Kg4 Ra3 46. Kf5 Kh7
47. Ke6 Re3+ 48. Kf7 Rxg3 49. Rxb7 Ra3 50. Rb5 Ra4 51. f5 Rh4 52. Ke7 Rd4 53.
Ke6 Kg8 54. Rd5 Rh4 55. Kd6 Rxh5 56. a6 Rh1 57. Ra5 Rd1+ 58. Kc7 1-0

[Event "XXIX C.to Italiano a squadre A1 Finali"]
[Site "Montecatini Terme ITA"]
[Date "1997.05.18"]
[Round "3"]
[White "Godena, Michele"]
[Black "Djuric, Stefan"]
[Result "1-0"]
[WhiteElo "2545"]
[BlackElo "2535"]
[PlyCount "107"]
[EventDate "1997.05.17"]

1. e4 e5 2. Nf3 Nc6 3. Bb5 Nf6 4. d3 d6 5. c3 g6 6. O-O Bg7 7. Re1 Bd7 8. Ba4
O-O 9. Bg5 Qe8 10. Nbd2 h6 11. Bh4 Nh5 12. Nf1 Nd4 13. Bxd7 Nxf3+ 14. Qxf3 Qxd7
15. Ne3 Nf4 16. Red1 Rae8 17. Rd2 f5 18. Qd1 d5 19. f3 c6 20. Qb3 Kh7 21. Rad1
d4 22. Nf1 g5 23. Bg3 g4 24. cxd4 gxf3 25. gxf3 Nh3+ 26. Kh1 f4 27. Bh4 exd4
28. Rg2 Rg8 29. Rdd2 Be5 30. Rxg8 Rxg8 31. Rg2 Rg7 32. Nd2 b5 33. Qd1 Rxg2 34.
Kxg2 Kg6 35. Qb3 Kh5 36. Be7 Qxe7 37. Kxh3 Qe8 38. Kg2 Kh4 39. Qd1 Qg8+ 40. Kh1
Qxa2 41. Qc1 Qe6 42. Qc5 a5 43. Nb3 Kh3 44. Qc2 a4 45. Na5 c5 46. Qxc5 h5 47.
Qc1 Qg8 48. Qf1+ Kh4 49. Nc6 Qg7 50. Qc1 Bd6 51. Qe1+ Kh3 52. Qf1+ Kh4 53. Qf2+
Kg5 54. Nxd4 1-0

[Event "I Festival A"]
[Site "Salsomaggiore Terme ITA"]
[Date "1997.05.??"]
[Round "1"]
[White "Amovilli, Mauro"]
[Black "Berra, Davide"]
[Result "1/2-1/2"]
[WhiteElo "2275"]
[BlackElo "1986"]
[PlyCount "59"]
[EventDate "1997.05.15"]

1. e4 e6 2. d4 d5 3. e5 c5 4. c3 Qb6 5. Nf3 Bd7 6. Be2 Bb5 7. O-O Bxe2 8. Qxe2
Nc6 9. dxc5 Bxc5 10. b4 Bf8 11. a3 a6 12. c4 Nd4 13. Qd3 Nxf3+ 14. gxf3 dxc4
15. Qxc4 Ne7 16. Be3 Qc6 17. Nd2 Qxc4 18. Nxc4 Nc6 19. Rfd1 Be7 20. Bb6 Rc8 21.
f4 Nxb4 22. Rac1 Nc6 23. Nd6+ Bxd6 24. Rxd6 O-O 25. Rd7 Nxe5 26. Rdc7 Rxc7 27.
Rxc7 Nf3+ 28. Kg2 Nh4+ 29. Kf1 Ra8 30. Rxb7 1/2-1/2

[Event "I Festival A"]
[Site "Salsomaggiore Terme ITA"]
[Date "1997.05.??"]
[Round "1"]
[White "Bonugli, Carlo"]
[Black "Jurkovic, Ante"]
[Result "0-1"]
[WhiteElo "2075"]
[BlackElo "2320"]
[PlyCount "64"]
[EventDate "1997.05.15"]

1. e4 e6 2. d4 d5 3. e5 c5 4. c3 Nc6 5. Nf3 Bd7 6. Be2 Nh6 7. Bxh6 gxh6 8. O-O
Qb6 9. Na3 cxd4 10. cxd4 Bg7 11. Qd2 O-O 12. Nc2 f6 13. exf6 Rxf6 14. Ne3 Raf8
15. Ne5 Be8 16. Nxc6 bxc6 17. g3 h5 18. Kg2 Bg6 19. f4 R6f7 20. Rad1 a5 21. b3
Kh8 22. h4 a4 23. b4 a3 24. Nc2 Rg8 25. Bd3 Rf6 26. Bxg6 Rxg6 27. Rf3 Bf6 28.
Kh2 Qd8 29. Rb1 Qe7 30. Re1 Qg7 31. Qd3 Bxh4 32. gxh4 Rg2+ 0-1

[Event "I Festival A"]
[Site "Salsomaggiore Terme ITA"]
[Date "1997.05.??"]
[Round "1"]
[White "Caposciutti, Maurizio"]
[Black "Pipitone, Antonio"]
[Result "1-0"]
[WhiteElo "2300"]
[BlackElo "2065"]
[PlyCount "79"]
[EventDate "1997.05.15"]

1. Nf3 e6 2. c4 Nf6 3. g3 c5 4. Bg2 g6 5. b3 Bg7 6. Bb2 O-O 7. O-O Nc6 8. d4 d6
9. e3 Qc7 10. Nc3 a6 11. Rc1 Rb8 12. Qe2 Bd7 13. Rfd1 Rfd8 14. d5 Ne7 15. dxe6
fxe6 16. Ng5 e5 17. Nce4 Nxe4 18. Bxe4 h6 19. Nf3 Bc6 20. Qc2 Bxe4 21. Qxe4 Qc6
22. Qg4 Qd7 23. Qxd7 Rxd7 24. Bxe5 Bxe5 25. Nxe5 Rdd8 26. Nd3 b5 27. Nf4 Kf7
28. h4 g5 29. hxg5 hxg5 30. Nd5 Nc6 31. f4 gxf4 32. gxf4 Rb7 33. Kf2 bxc4 34.
Rxc4 Rh8 35. Nc3 Ke6 36. Ne4 Rd7 37. Rxc5 dxc5 38. Nxc5+ Kf5 39. Rxd7 Rh2+ 40.
Kg3 1-0

[Event "I Festival A"]
[Site "Salsomaggiore Terme ITA"]
[Date "1997.05.??"]
[Round "1"]
[White "De Val, Daniele"]
[Black "Salami, Marco"]
[Result "0-1"]
[WhiteElo "1885"]
[BlackElo "2220"]
[PlyCount "81"]
[EventDate "1997.05.15"]

1. c4 e5 2. Nc3 d6 3. e4 Nc6 4. g4 h5 5. gxh5 Nf6 6. d3 Nxh5 7. Be2 g6 8. Be3
Bh6 9. Bxh6 Rxh6 10. Nd5 Nd4 11. Qd2 Rh8 12. O-O-O c6 13. Bxh5 Rxh5 14. Ne3 Qf6
15. f3 Qf4 16. Nc2 Ne6 17. Ne2 Qxd2+ 18. Rxd2 Rh3 19. Ng3 Bd7 20. d4 O-O-O 21.
d5 cxd5 22. Rxd5 Bc6 23. Rd2 Rdh8 24. Rhd1 Rxh2 25. Rxd6 Rf2 26. R6d3 Nf4 27.
Ra3 Rhh2 28. Ne3 Rxf3 29. Ngf1 Rh1 30. Rxa7 Bxe4 31. b4 Nd3+ 32. Kd2 Nxb4 33.
Ra8+ Kc7 34. Re8 Nc6 35. Re1 Kd7 36. Ra8 f5 37. Rg8 f4 38. Ng4 Bf5 39. Nfh2
Rd3+ 40. Ke2 Nd4+ 41. Kf2 0-1

[Event "I Festival A"]
[Site "Salsomaggiore Terme ITA"]
[Date "1997.05.??"]
[Round "1"]
[White "Digiugno, Franco"]
[Black "Vezzosi, Paolo"]
[Result "0-1"]
[WhiteElo "2053"]
[BlackElo "2290"]
[PlyCount "58"]
[EventDate "1997.05.15"]

1. d4 Nf6 2. Bg5 c5 3. d5 Qb6 4. Nc3 Qxb2 5. Bd2 Qb6 6. e4 d6 7. f4 g6 8. Nf3
Bg7 9. Rb1 Qd8 10. Bc4 O-O 11. O-O Nfd7 12. Qe2 Nb6 13. e5 Bf5 14. Bd3 Bxd3 15.
Qxd3 Na6 16. e6 Nb4 17. Rxb4 cxb4 18. Ne4 fxe6 19. Neg5 Rf5 20. Nxe6 Rxd5 21.
Qe4 Qd7 22. Be3 Ra5 23. Nfg5 Qc6 24. Qxb4 Bc3 25. Qb1 h6 26. Qd1 hxg5 27. Qd3
Rf5 28. g4 Rf6 29. Nxg5 Qc4 0-1

[Event "I Festival A"]
[Site "Salsomaggiore Terme ITA"]
[Date "1997.05.??"]
[Round "1"]
[White "Everet, Alexandro"]
[Black "Mrdja, Milan"]
[Result "0-1"]
[WhiteElo "2135"]
[BlackElo "2425"]
[PlyCount "74"]
[EventDate "1997.05.15"]

1. d4 Nf6 2. c4 g6 3. Nc3 Bg7 4. g3 O-O 5. Bg2 c6 6. e4 d6 7. Nge2 Nbd7 8. O-O
e5 9. Be3 Ng4 10. Qd2 Nxe3 11. Qxe3 Qb6 12. Rfd1 Qxb2 13. d5 Qa3 14. dxc6 bxc6
15. Nd5 Qxe3 16. Nxe3 Nc5 17. Rxd6 Bb7 18. Rad1 Rab8 19. Nc3 Rfe8 20. Bh3 Bf8
21. R6d2 Bh6 22. Re2 Red8 23. Ng4 Rxd1+ 24. Nxd1 Bg7 25. f4 exf4 26. gxf4 Bd4+
27. Kg2 Nxe4 28. Ndf2 Nxf2 29. Nxf2 c5+ 30. Kg3 Ba6 31. Re7 Bxc4 32. Rxa7 Rb2
33. Ne4 Rxa2 34. Rc7 Ra3+ 35. Kh4 Re3 36. Bg2 Bd5 37. Rc8+ Kg7 0-1

[Event "I Festival A"]
[Site "Salsomaggiore Terme ITA"]
[Date "1997.05.??"]
[Round "1"]
[White "Komljenovic, Davorin"]
[Black "Samaritani, Fabio"]
[Result "1-0"]
[WhiteElo "2460"]
[BlackElo "2220"]
[PlyCount "67"]
[EventDate "1997.05.15"]

1. d4 Nf6 2. Nf3 c5 3. d5 b5 4. Bg5 d6 5. Bxf6 gxf6 6. e4 a6 7. a4 b4 8. Nh4
Rg8 9. Nd2 Rg4 10. Nf5 Bxf5 11. exf5 Rd4 12. Bd3 Nd7 13. Qe2 Qc8 14. Be4 Nb6
15. c3 bxc3 16. bxc3 Rxa4 17. Rb1 Rb8 18. O-O Bh6 19. f4 Kd7 20. g3 c4 21. Qh5
Qc5+ 22. Kh1 Ra2 23. Nf3 Re2 24. Ne5+ fxe5 25. Qxe2 Bg7 26. Qg4 Bf6 27. fxe5
dxe5 28. Qh5 Rf8 29. Qh6 Rg8 30. d6 Rg4 31. Bf3 Rg7 32. Rfd1 Qf2 33. Bg2 Qc2
34. Qe3 1-0

[Event "I Festival A"]
[Site "Salsomaggiore Terme ITA"]
[Date "1997.05.??"]
[Round "1"]
[White "Nurkic, Sahbaz"]
[Black "Oschetzki, Stefan"]
[Result "1/2-1/2"]
[WhiteElo "2395"]
[BlackElo "2130"]
[PlyCount "132"]
[EventDate "1997.05.15"]

1. e4 d6 2. d4 Nf6 3. Nc3 g6 4. f4 Bg7 5. e5 dxe5 6. dxe5 Qxd1+ 7. Kxd1 Ng4 8.
Ke1 Nc6 9. Nd5 Nd4 10. Bd3 Bf5 11. Bxf5 gxf5 12. Nb4 f6 13. c3 Ne6 14. h3 Nh6
15. exf6 Bxf6 16. Nf3 O-O-O 17. Be3 c5 18. Nc2 Nf7 19. Kf2 Nd6 20. Nd2 Rhg8 21.
g3 h5 22. h4 b6 23. Ne1 Ne4+ 24. Nxe4 fxe4 25. Rg1 Ng7 26. Ke2 Nf5 27. Bf2 e3
28. Bxe3 Nxg3+ 29. Kf3 Nf5 30. Rxg8 Rxg8 31. Bf2 Bxh4 32. Bxh4 Nxh4+ 33. Ke4
Rg4 34. Nd3 Ng6 35. Rh1 h4 36. c4 Rg3 37. f5 Rg4+ 38. Ke3 Nf8 39. Ne5 Rd4 40.
b3 Kc7 41. Nf3 Rg4 42. Rxh4 Rxh4 43. Nxh4 Kd6 44. Ke4 e6 45. Kf4 Nd7 46. fxe6
Kxe6 47. Nf5 Nf6 48. Ng7+ Kf7 49. Nf5 Ke6 50. Ne3 Nh5+ 51. Ke4 Nf6+ 52. Kd3 Ke5
53. a3 Ne4 54. Nd5 Nd6 55. Ne7 Ke6 56. Nd5 Ke5 57. Nc7 Kf4 58. Kc3 Ke5 59. b4
cxb4+ 60. Kxb4 Kd4 61. Ne6+ Kd3 62. Nf4+ Kd4 63. Ne2+ Kd3 64. Nc1+ Kd4 65. Nb3+
Kd3 66. c5 bxc5+ 1/2-1/2

[Event "I Festival A"]
[Site "Salsomaggiore Terme ITA"]
[Date "1997.05.??"]
[Round "1"]
[White "Oppici, Gabriele"]
[Black "Ljubisavljevic, Zivojin Z."]
[Result "1/2-1/2"]
[WhiteElo "2005"]
[BlackElo "2275"]
[PlyCount "93"]
[EventDate "1997.05.15"]

1. Nc3 e5 2. Nf3 Nc6 3. d4 exd4 4. Nxd4 Nf6 5. Bg5 d6 6. Bxf6 gxf6 7. e3 Be6 8.
Nxe6 fxe6 9. Qh5+ Kd7 10. O-O-O Qe8 11. Qf3 f5 12. Bb5 Bg7 13. Ne2 Kc8 14. Nf4
a6 15. Ba4 d5 16. c4 dxc4 17. Bxc6 bxc6 18. Rd2 c3 19. bxc3 Rb8 20. Rhd1 Qe7
21. Qxc6 Qa3+ 22. Kc2 Qxa2+ 23. Kd3 Qa5 24. Qxe6+ Kb7 25. Qd5+ Qxd5+ 26. Nxd5
Be5 27. f4 Bd6 28. Ra2 c6 29. Rb1+ Kc8 30. Rxb8+ Bxb8 31. Ne7+ Kb7 32. Nxf5 Bc7
33. Nd4 Bb6 34. g4 Rd8 35. Ke4 Re8+ 36. Kf3 a5 37. h4 c5 38. Nf5 Re6 39. Ke2
Re4 40. c4 Re8 41. Rd2 Bc7 42. Kf3 a4 43. h5 a3 44. g5 Ba5 45. Ra2 Bb4 46. g6
hxg6 47. hxg6 1/2-1/2

[Event "I Festival A"]
[Site "Salsomaggiore Terme ITA"]
[Date "1997.05.??"]
[Round "1"]
[White "Pangrazzi, Marco"]
[Black "Griffa, Roberto"]
[Result "1-0"]
[WhiteElo "2250"]
[BlackElo "1917"]
[PlyCount "23"]
[EventDate "1997.05.15"]

1. e4 d5 2. exd5 Qxd5 3. Nc3 Qa5 4. d4 e5 5. dxe5 Nc6 6. Qd5 Bb4 7. Qxa5 Bxa5
8. Bd2 Bf5 9. O-O-O O-O-O 10. Nf3 Nb4 11. Ne1 Bxc2 12. Nxc2 1-0

[Event "I Festival A"]
[Site "Salsomaggiore Terme ITA"]
[Date "1997.05.??"]
[Round "1"]
[White "Qendro, Llambi"]
[Black "Vignato, Giovanni"]
[Result "1-0"]
[WhiteElo "2335"]
[BlackElo "2120"]
[PlyCount "65"]
[EventDate "1997.05.15"]

1. d4 d5 2. c4 e6 3. cxd5 exd5 4. Nc3 c6 5. Nf3 Bd6 6. Bg5 Nf6 7. e3 h6 8. Bh4
Bf5 9. Bd3 Bxd3 10. Qxd3 Nbd7 11. Bg3 Bxg3 12. hxg3 O-O 13. Nh4 Ne4 14. Nxe4
dxe4 15. Qxe4 Qa5+ 16. Kf1 Qb5+ 17. Kg1 Qxb2 18. Kh2 Qxf2 19. Raf1 Nf6 20. Qb1
Qxe3 21. Rxf6 gxf6 22. Nf5 Qd2 23. Rf1 Rae8 24. Rf4 Re2 25. Nxh6+ Kh8 26. Rh4
Rxg2+ 27. Kh1 Re8 28. Nxf7+ Kg7 29. Rh7+ Kf8 30. Rh8+ Kxf7 31. Qh7+ Ke6 32.
Rxe8+ Kd5 33. Qf7+ 1-0

[Event "I Festival A"]
[Site "Salsomaggiore Terme ITA"]
[Date "1997.05.??"]
[Round "1"]
[White "Sciortino, Massimo"]
[Black "Vujovic, Milorad"]
[Result "0-1"]
[WhiteElo "1984"]
[BlackElo "2255"]
[PlyCount "94"]
[EventDate "1997.05.15"]

1. e4 c5 2. f4 Nc6 3. Nf3 d6 4. Bb5 Qd7 5. d4 cxd4 6. Nxd4 a6 7. Bc4 Nf6 8. Nc3
e6 9. Be3 b5 10. Bb3 Bb7 11. O-O Be7 12. f5 e5 13. Nde2 Ng4 14. Bb6 Bd8 15. Nd5
Nb4 16. Bxd8 Nxd5 17. Bxd5 Bxd5 18. Bb6 Qc6 19. Qxd5 Qxb6+ 20. Kh1 Rd8 21. f6
g6 22. Rf3 Nf2+ 23. Rxf2 Qxf2 24. Qc6+ Kf8 25. Nc3 Qxf6 26. Nd5 Qf2 27. Qxa6
Kg7 28. Qxb5 Qxc2 29. Qf1 f5 30. Rc1 Qxe4 31. Rc7+ Kh6 32. Qc1+ f4 33. Nf6 Qf5
34. Rf7 Rdf8 35. Ng8+ Rhxg8 36. Rxf5 Rxf5 37. Qc7 d5 38. b4 e4 39. Qe7 Rgf8 40.
Kg1 f3 41. g4 R5f7 42. Qe5 f2+ 43. Kf1 Rc8 44. g5+ Kh5 45. Qb2 d4 46. h3 d3 47.
Qd2 Rc2 0-1

[Event "I Festival A"]
[Site "Salsomaggiore Terme ITA"]
[Date "1997.05.??"]
[Round "1"]
[White "Scotti, Umberto"]
[Black "Formanek, Edward W."]
[Result "1/2-1/2"]
[WhiteElo "2130"]
[BlackElo "2335"]
[PlyCount "81"]
[EventDate "1997.05.15"]

1. e4 e6 2. d4 d5 3. Nc3 Bb4 4. exd5 exd5 5. Bd3 Nf6 6. Nge2 c6 7. O-O O-O 8.
Bg5 Bg4 9. f3 Bh5 10. Nf4 Bg6 11. Nce2 Nbd7 12. c3 Bd6 13. Nxg6 fxg6 14. Bf4
Nb6 15. b3 Nh5 16. Bxd6 Qxd6 17. Qd2 a5 18. Rae1 a4 19. b4 Nc4 20. Bxc4 dxc4
21. f4 Rae8 22. Rf3 Re4 23. Ref1 Qe6 24. Ng3 Nxg3 25. hxg3 Re2 26. Qd1 Rxa2 27.
Re1 Qf5 28. Rfe3 h6 29. Qf3 a3 30. Re5 Qd3 31. R5e3 Qc2 32. R3e2 Qb3 33. Re7
Rb2 34. Qe4 Qc2 35. Qxc2 Rxc2 36. Rxb7 Rf7 37. Re8+ Rf8 38. Ree7 Kh8 39. Rxg7
Re8 40. Rh7+ Kg8 41. Rhg7+ 1/2-1/2

[Event "I Festival A"]
[Site "Salsomaggiore Terme ITA"]
[Date "1997.05.??"]
[Round "2"]
[White "Berra, Davide"]
[Black "Nurkic, Sahbaz"]
[Result "0-1"]
[WhiteElo "1986"]
[BlackElo "2395"]
[PlyCount "68"]
[EventDate "1997.05.15"]

1. e4 g6 2. d4 Bg7 3. Nc3 c6 4. f4 d5 5. e5 h5 6. Nf3 Bg4 7. Be2 Nh6 8. Be3 Nf5
9. Bf2 e6 10. Qd2 Bf8 11. a3 Nd7 12. h3 Bxf3 13. Bxf3 h4 14. O-O-O Rc8 15. Kb1
b5 16. Na2 a5 17. Be1 Ra8 18. Nc1 Nb6 19. Be2 b4 20. axb4 axb4 21. c3 Nc4 22.
Bxc4 dxc4 23. cxb4 Qd5 24. Qe2 Qb5 25. Qf3 Qa6 26. Bc3 Be7 27. Ne2 O-O 28. g4
hxg3 29. Nxg3 Nxg3 30. Qxg3 Qa2+ 31. Kc1 Qb3 32. Qe1 Ra2 33. Kd2 Rxb2+ 34. Ke3
Bh4 0-1

[Event "I Festival A"]
[Site "Salsomaggiore Terme ITA"]
[Date "1997.05.??"]
[Round "2"]
[White "Doleschal, Johannes"]
[Black "Everet, Alexandro"]
[Result "1-0"]
[WhiteElo "2035"]
[BlackElo "2135"]
[PlyCount "67"]
[EventDate "1997.05.15"]

1. e4 g6 2. d4 Bg7 3. Nf3 e6 4. Nc3 Ne7 5. Be3 d5 6. Qd2 h5 7. Be2 b6 8. exd5
exd5 9. O-O Bg4 10. Rfe1 O-O 11. h3 Bxf3 12. Bxf3 c6 13. Bg5 f6 14. Bf4 Nd7 15.
Bd6 Rf7 16. Bxe7 Rxe7 17. Rxe7 Qxe7 18. Nxd5 Qd6 19. Ne3 Rd8 20. Nc4 Qc7 21.
Qe3 Nf8 22. Re1 b5 23. Nd2 Kh8 24. c3 Rd6 25. Qe7 Rd7 26. Qe8 Bh6 27. Nb3 Qd6
28. Nc5 Rg7 29. Re6 Qf4 30. Qxf8+ Kh7 31. Re8 Qc1+ 32. Kh2 Bf4+ 33. g3 Bh6 34.
Qxf6 1-0

[Event "I Festival A"]
[Site "Salsomaggiore Terme ITA"]
[Date "1997.05.??"]
[Round "2"]
[White "Formanek, Edward W."]
[Black "Oppici, Gabriele"]
[Result "1-0"]
[WhiteElo "2335"]
[BlackElo "2005"]
[PlyCount "73"]
[EventDate "1997.05.15"]

1. d4 Nc6 2. e4 e5 3. d5 Nce7 4. Be3 f5 5. f3 fxe4 6. fxe4 Ng6 7. Nf3 Nf6 8.
Nbd2 Ng4 9. Bg1 Be7 10. g3 O-O 11. Bc4 d6 12. Qe2 Bd7 13. O-O-O Kh8 14. h3 Nf6
15. Bb3 a5 16. c4 c6 17. Kb1 a4 18. Bc2 Qa5 19. Qe3 Ra6 20. Qc3 Qd8 21. Bd3 Qb8
22. Be3 b5 23. cxb5 cxb5 24. Rc1 Rc8 25. Qb4 Rxc1+ 26. Rxc1 Bd8 27. Qc3 Ba5 28.
b4 axb3 29. Qxb3 Bd8 30. Ng5 Qa8 31. Qb2 h6 32. Nf7+ Kg8 33. Nxd8 Qxd8 34. Bxb5
Bxb5 35. Qxb5 Ra8 36. Bb6 Rb8 37. Bxd8 1-0

[Event "I Festival A"]
[Site "Salsomaggiore Terme ITA"]
[Date "1997.05.??"]
[Round "2"]
[White "Griffa, Roberto"]
[Black "Bonugli, Carlo"]
[Result "1/2-1/2"]
[WhiteElo "1917"]
[BlackElo "2075"]
[PlyCount "100"]
[EventDate "1997.05.15"]

1. d4 Nf6 2. Nf3 g6 3. Bg5 Bg7 4. Nbd2 O-O 5. c3 d5 6. e3 Bg4 7. Be2 c6 8. h3
Bxf3 9. Nxf3 Ne4 10. Bf4 Nd7 11. O-O Ndf6 12. Bh2 h5 13. c4 e6 14. Qb3 b6 15.
cxd5 exd5 16. Rfd1 Qc8 17. Rac1 Qe6 18. Nd2 h4 19. Nxe4 Nxe4 20. Qc2 c5 21.
dxc5 Nxc5 22. Bf3 Rad8 23. b4 Ne4 24. Bxe4 dxe4 25. Bf4 Rfe8 26. Bg5 Bf6 27.
Bxf6 Qxf6 28. Qc7 Rxd1+ 29. Rxd1 Re7 30. Qd8+ Kg7 31. Rd4 Re6 32. Qxf6+ Kxf6
33. Kf1 Re5 34. Ke2 Ke6 35. a4 f5 36. f3 exf3+ 37. gxf3 a5 38. Rxh4 Rd5 39. Rc4
axb4 40. Rxb4 Rd6 41. Rb5 Kf6 42. h4 Kg7 43. e4 fxe4 44. fxe4 Rd4 45. Ke3 Rxa4
46. Rxb6 Ra3+ 47. Kf4 Rh3 48. Kg4 Re3 49. Kg5 Rxe4 50. Rxg6+ Kh7 1/2-1/2

[Event "I Festival A"]
[Site "Salsomaggiore Terme ITA"]
[Date "1997.05.??"]
[Round "2"]
[White "Jurkovic, Ante"]
[Black "Pangrazzi, Marco"]
[Result "1-0"]
[WhiteElo "2320"]
[BlackElo "2250"]
[PlyCount "73"]
[EventDate "1997.05.15"]

1. e4 c5 2. Nf3 Nc6 3. d4 cxd4 4. Nxd4 Nf6 5. Nc3 e5 6. Ndb5 d6 7. Bg5 a6 8.
Na3 b5 9. Bxf6 gxf6 10. Nd5 f5 11. c3 Bg7 12. exf5 Bxf5 13. Nc2 O-O 14. Nce3
Be6 15. g3 f5 16. Bh3 Ra7 17. a4 bxa4 18. Rxa4 a5 19. O-O Rb7 20. Rh4 Qc8 21.
Rc4 Qe8 22. Qa4 Ne7 23. Qxe8 Rxe8 24. Nxe7+ Rexe7 25. Rc6 Rxb2 26. Bxf5 Bf8 27.
Bxe6+ Rxe6 28. Ra6 Ra2 29. Nd5 e4 30. Rb1 Re5 31. Rb5 a4 32. Ra7 Re6 33. Rb8 e3
34. fxe3 a3 35. Raa8 Ra1+ 36. Kg2 Ra2+ 37. Kf3 1-0

[Event "I Festival A"]
[Site "Salsomaggiore Terme ITA"]
[Date "1997.05.??"]
[Round "2"]
[White "Ljubisavljevic, Zivojin Z."]
[Black "Scotti, Umberto"]
[Result "1/2-1/2"]
[WhiteElo "2275"]
[BlackElo "2130"]
[PlyCount "206"]
[EventDate "1997.05.15"]

1. d4 d5 2. c3 Nc6 3. Bf4 Nf6 4. Nd2 Bf5 5. Qb3 Rb8 6. e3 e6 7. Bb5 Bd6 8. Bxd6
Qxd6 9. f4 O-O 10. Ngf3 Ne4 11. O-O a6 12. Be2 b5 13. Qd1 Na5 14. Nxe4 Bxe4 15.
Ng5 Bg6 16. Bd3 Nc4 17. Bxg6 hxg6 18. Qe2 f6 19. Nh3 Qe7 20. Nf2 Nd6 21. e4
dxe4 22. Nxe4 Nxe4 23. Qxe4 Kf7 24. b4 Qd6 25. a4 Rh8 26. axb5 axb5 27. g3 Qb6
28. Rf2 Qb7 29. Qxb7 Rxb7 30. Ra6 Rd8 31. Rfa2 Ke7 32. Kf2 Rd6 33. Ke3 c6 34.
Ra8 Rd8 35. Rxd8 Kxd8 36. Ra8+ Kd7 37. Rf8 Kd6 38. Ra8 Re7 39. Rd8+ Kc7 40. Rh8
Kd6 41. Rh4 f5 42. Rh8 Ra7 43. Rg8 Rd7 44. Ra8 Rb7 45. Kd3 Rd7 46. c4 bxc4+ 47.
Kxc4 Rb7 48. Ra6 Kd7 49. h3 Kd6 50. b5 Rxb5 51. Ra7 Rb1 52. Rxg7 Rc1+ 53. Kd3
Rd1+ 54. Ke3 Re1+ 55. Kd2 Rh1 56. h4 Kd5 57. Rxg6 Kxd4 58. Rxe6 Rh2+ 59. Re2
Rh1 60. Re5 Rh2+ 61. Ke1 Rg2 62. Rxf5 Rxg3 63. Kf2 Rg4 64. Rf6 Rxh4 65. Kg3 Rh1
66. Rxc6 Ke4 67. Rc4+ Kf5 68. Rc5+ Kf6 69. Ra5 Rg1+ 70. Kf2 Rg4 71. Ke3 Rg1 72.
Ra6+ Kf5 73. Ra5+ Kf6 74. Ra8 Re1+ 75. Kf2 Rb1 76. Rg8 Ke6 77. Ke2 Ke7 78. Ra8
Kf6 79. Rg8 Ke7 80. Rg5 Ke6 81. Ra5 Kf6 82. Kf2 Rb2+ 83. Kg3 Rb1 84. Ra6+ Kf5
85. Ra5+ Kf6 86. Ra8 Rg1+ 87. Kf2 Rb1 88. Rf8+ Ke7 89. Rf5 Ke6 90. Ra5 Rb2+ 91.
Kg3 Rb1 92. Rg5 Kf6 93. Ra5 Rg1+ 94. Kf2 Rb1 95. Ke2 Ke6 96. Re5+ Kf6 97. Kf2
Rb3 98. Rc5 Rb1 99. Ra5 Rb3 100. Re5 Rb1 101. Ke2 Rb3 102. Re3 Rb1 103. Kf2 Kf5
1/2-1/2

[Event "I Festival A"]
[Site "Salsomaggiore Terme ITA"]
[Date "1997.05.??"]
[Round "2"]
[White "Mrdja, Milan"]
[Black "Iotti, Pierluigi"]
[Result "1/2-1/2"]
[WhiteElo "2425"]
[BlackElo "2290"]
[PlyCount "70"]
[EventDate "1997.05.15"]

1. e4 e6 2. d4 d5 3. Nc3 Bb4 4. e5 c5 5. a3 Bxc3+ 6. bxc3 Qc7 7. Nf3 Bd7 8. a4
Nc6 9. Bb5 Nge7 10. O-O cxd4 11. cxd4 Na5 12. Bd3 h6 13. Re1 Nc8 14. Qd2 Nc4
15. Qf4 a5 16. Nd2 Nxd2 17. Bxd2 Nb6 18. Qg3 Kf8 19. f4 Nxa4 20. f5 exf5 21.
Qf3 Nb2 22. Bxf5 Nc4 23. e6 Bxe6 24. Bb4+ Kg8 25. Rxe6 fxe6 26. Bxe6+ Kh7 27.
Bc5 Rhe8 28. Bxd5 Nd6 29. c4 Rad8 30. Qb3 Nf5 31. Rf1 Ne3 32. Bb6 Qc8 33. Bxd8
Nxf1 34. Bxa5 Ne3 35. Bxb7 Qxc4 1/2-1/2

[Event "I Festival A"]
[Site "Salsomaggiore Terme ITA"]
[Date "1997.05.??"]
[Round "2"]
[White "Oschetzki, Stefan"]
[Black "Amovilli, Mauro"]
[Result "1-0"]
[WhiteElo "2130"]
[BlackElo "2275"]
[PlyCount "93"]
[EventDate "1997.05.15"]

1. e4 c5 2. c3 e6 3. d4 d5 4. exd5 exd5 5. Nf3 Nf6 6. Bd3 Nc6 7. O-O cxd4 8.
Nxd4 Nxd4 9. cxd4 Be7 10. Nc3 O-O 11. Bf4 a6 12. Rc1 b5 13. Re1 Be6 14. Qd2 Rc8
15. a4 b4 16. Ne2 Qb6 17. h3 a5 18. Be5 Rxc1 19. Rxc1 Rc8 20. Rxc8+ Bxc8 21.
Qc2 Bd7 22. b3 h6 23. Qc7 Bd8 24. Qc5 Qxc5 25. dxc5 Ne4 26. Bxe4 dxe4 27. Nd4
f6 28. Bd6 Kf7 29. c6 Bc8 30. Nb5 Bb6 31. Kf1 Ke6 32. Bf8 Kf7 33. Nd6+ Kxf8 34.
Nxc8 Bc7 35. Na7 Ke7 36. Nb5 Bb6 37. Ke2 f5 38. c7 Kd7 39. c8=Q+ Kxc8 40. Nd6+
Kd7 41. Nxf5 Ke6 42. Nxg7+ Ke5 43. g4 Kf4 44. Nh5+ Kg5 45. Ng3 Kh4 46. Nxe4
Kxh3 47. f3 1-0

[Event "I Festival A"]
[Site "Salsomaggiore Terme ITA"]
[Date "1997.05.??"]
[Round "2"]
[White "Pipitone, Antonio"]
[Black "De Val, Daniele"]
[Result "1/2-1/2"]
[WhiteElo "2065"]
[BlackElo "1885"]
[PlyCount "100"]
[EventDate "1997.05.15"]

1. e4 e5 2. Nf3 Nc6 3. Bb5 f5 4. Nc3 fxe4 5. Nxe4 Nf6 6. Qe2 Qe7 7. c3 d5 8.
Ng3 e4 9. Nd4 Bd7 10. Bxc6 bxc6 11. Qa6 Qc5 12. b4 Qb6 13. Qxb6 cxb6 14. O-O a5
15. bxa5 Rxa5 16. f3 exf3 17. Re1+ Kd8 18. Nxf3 Kc7 19. d4 Bd6 20. Ne5 Re8 21.
Bf4 Ng4 22. h3 Nxe5 23. dxe5 Bc5+ 24. Kh2 Kb7 25. Nh5 Bf8 26. g4 Be6 27. Bc1
Bf7 28. Nf4 g5 29. Ng2 h6 30. h4 Bg7 31. hxg5 Bxe5+ 32. Bf4 Bxf4+ 33. Nxf4 hxg5
34. Nh3 Rxa2+ 35. Rxa2 Rxe1 36. Nxg5 Bg6 37. Rf2 Re3 38. Rf3 Rxf3 39. Nxf3 Kc7
40. Kg3 Kd6 41. Kf4 Be4 42. Ne5 c5 43. g5 b5 44. g6 b4 45. g7 Bh7 46. cxb4 cxb4
47. Nd3 b3 48. Ke3 Ke7 49. Nb2 Bg8 50. Kd4 Kf6 1/2-1/2